000 00213 a2200097 4500
001 14500
100 _aRivers, E
245 _aOut of Bondage Israel
260 _aLondon
_bPeter Owen Ltd.
_c
090 _c11330
_d11330
942 _aNUST-CAE
_cM
_c1482
999 _c249573
_d249573